000 01344cam a22003737a 4500
003 CHAP
005 20220329134931.0
008 971013s1974 r 00010 d
010 _a28296
011 _a29268
035 _a33379
040 _cCHAP
082 _a630.2515
_bM3
100 0 0 _aMcHattie, L. B.
_973590
245 1 3 _aAn introduction to agrotoipoclimatology
260 _aGeneva :
_bOrganización Meteorológica Mundial,
_c1974
300 _a131 p.
_b; gráfs
490 0 _aWMO
_v; 378
590 _aBATCH-UPD
_b10
_c20130110
_lUCH01
_h1732
590 _aBATCH-UPD
_b10
_c20130410
_lUCH01
_h1113
590 _aBATCH-UPD
_b10
_c20130914
_lUCH01
_h1126
590 _aCONVERSION
_b10
_c20130109
_lUCH01
_h1316
650 1 4 _aCultivos y clima.
_930392
650 1 4 _aMeteorología agrícola.
_975217
700 0 _aSchelle, F.
_9102958
830 0 _aWMO
_v; 378
_9122394
901 _aBK
942 _cLIBRO
949 _a630.2515 M3
_bBC
_cLIBRO
_d-77653
_eLIBRO
_i33379
_si
_t16.88
949 _a630.2515 M3
_bBC
_cLIBRO
_d33724000029856
_eLIBRO
_fc.2
_h56742
_i33379
_si
_t16.88
949 _a630.2515 M3
_bBC
_cLIBRO
_d33724000029864
_eLIBRO
_fc.3
_h56743
_i33379
_si
_t16.88
949 _a630.2515 M3
_bBC
_cLIBRO
_d33724000029872
_eLIBRO
_fc.4
_h39997
_i33379
_si
_t16.88
949 _a630.2515 M3
_bBC
_cLIBRO
_d33724000029880
_eLIBRO
_fc.5
_h62210
_i33379
_si
_t16.88
999 _c28296
_d28296